Normal view
MARC view
- Zorkoczy, Peter
Entry Personal Name
001 - CONTROL NUMBER
- control field: 104679
003 - CONTROL NUMBER IDENTIFIER
- control field: NUST
005 - DATE AND TIME OF LATEST TRANSACTION
- control field: 20221212192157.0
008 - FIXED-LENGTH DATA ELEMENTS
- fixed length control field: 221212|| aca||aabn | a|a d
040 ## - CATALOGING SOURCE
- Original cataloging agency: NUST
- Transcribing agency: NUST
100 ## - HEADING--PERSONAL NAME
- Personal name: Zorkoczy, Peter
670 ## - SOURCE DATA FOUND
- Source citation: Work cat.: (NUST)182632: Zorkoczy, Peter., Information technology :, 1984, c1983.
